Porovnanie validity invazívnej a neinvazívnej metodiky určenia anaeróbneho prahu a jeho význam v súčasnej medicíne

Bibliographic Details
Main Authors: Bohuš, Branislav, 1935-2015 (Author), Timkaničová, B. (Author), Horváth, P. (Author), Platová, I. (Author)
Format: Article
Language:Slovak
ISSN:1335-0234
Subjects:

MARC

LEADER 00000cab a2200000 a 4500
001 vtls000774806
003 SK-MaSNL
005 20260302154129.0
008 | xo | || || || |slo
015 |a SNBRB2001/11-32255 
035 |a CLN000126593 
040 |a SNKBUCL  |b slo  |c SNKBUCL  |e AACR2 
041 0 |a slo 
044 |a xo  |c SK 
080 |a 616-07  |2 1997 
245 0 0 |a Porovnanie validity invazívnej a neinvazívnej metodiky určenia anaeróbneho prahu a jeho význam v súčasnej medicíne  |c B. Bohuš ... [et al.] 
650 0 7 |a prah anaeróbny  |x medicína  |x určovanie  |2 snkbucl  |9 850309 
655 7 |a články z novín a časopisov  |2 snkbucl  |9 267496 
700 1 |a Bohuš, Branislav,  |d 1935-2015  |4 aut  |9 201878 
700 1 |a Timkaničová, B.  |4 aut  |9 850310 
700 1 |a Horváth, P.  |4 aut  |9 822436 
700 1 |a Platová, I.  |4 aut  |9 850311 
773 0 |t Slovenský lekár  |g Roč. 11 (25), č. 11-12 (2001), s. 451-452  |x 1335-0234 
850 |a Slovenská národná knižnica v Martine 
852 |a SNK  |b KIS3GCP 
958 |a MI 
992 |a RBX 
999 |c 1367571  |d 1369501